ロード中...

Judicial applications of Human Rights and Democracy

書誌詳細
第一著者: Sen,A.K
フォーマット: Printed Book
言語:Undetermined
出版事項: Swastik publications New Delhi, 2017
主題:
LEADER 00492nam a2200145Ia 4500
008 200324s9999 xx 000 0 und d
082 |a 323.4  |b SEN-J 
100 |a Sen,A.K 
245 0 |a Judicial applications of Human Rights and Democracy 
260 |b Swastik publications New Delhi,  |c 2017 
300 |a 256p. 
650 |a human rights 
942 |c BK 
999 |c 287860  |d 287860 
952 |0 0  |1 0  |4 0  |6 323_400000000000000_SENJ  |7 0  |9 306396  |a SDE  |b SDE  |d 2018-12-22  |l 0  |o 323.4 SEN-J  |p SDE23841  |r 2020-03-27  |w 2020-03-27  |y BK